[Event "Iberoamerican-ch 7th"]
[Site "Linares"]
[Date "2019.08.18"]
[Round "9"]
[White "Castillo Gallego, Sergio"]
[Black "Lopez Mulet, Inigo"]
[Result "0-1"]
[WhiteElo "2203"]
[BlackElo "2397"]
[PlyCount "70"]
[EventDate "2019.08.10"]
[EventType "swiss"]
[EventRounds "9"]
[EventCountry "ESP"]
[SourceTitle "CBM 191 Extra"]
[Source "ChessBase"]
[SourceDate "2019.09.30"]
[SourceVersion "1"]
[SourceVersionDate "2019.09.30"]
[SourceQuality "1"]

1. e4 e6 2. d4 d5 3. Nc3 Nf6 4. e5 Nfd7 5. Qg4 c5 6. Nb5 cxd4 7. Nf3 Nc6 8. Bf4 Qa5+ 9. Bd2 Qb6 10. Nd6+ Bxd6 11. Qxg7 Bxe5 12. Nxe5 Rf8 13. Nd3 e5 14. 0-0-0 e4 15. Nf4 Ne7 16. Nh5 Qg6 17. g4 Qxg7 18. Nxg7+ Kd8 19. Bb4 Nf6 20. h3 Rg8 21. g5 Nd7 22. Bxe7+ Kxe7 23. Nf5+ Ke6 24. Nxd4+ Ke5 25. Be2 Rxg5 26. f4+ Kxf4 27. Rhf1+ Ke5 28. Rxf7 Nf6 29. Rf8 Rg8 30. Rf7 Bd7 31. Bg4 Nxg4 32. hxg4 Bxg4 33. Rd2 Raf8 34. Rxf8 Rxf8 35. c3 e3 0-1

[Event "Jaen op 21st"]
[Site "Jaen"]
[Date "2011.02.06"]
[Round "9"]
[White "Campora, Daniel Hugo"]
[Black "Castillo Gallego, Sergio"]
[Result "1-0"]
[WhiteElo "2488"]
[BlackElo "2234"]
[PlyCount "53"]
[EventDate "2011.02.06"]
[EventType "swiss (rapid)"]
[EventRounds "9"]
[EventCountry "ESP"]
[SourceTitle "CBM 140 Extra"]
[Source "ChessBase"]
[SourceDate "2011.03.01"]
[SourceVersion "1"]
[SourceVersionDate "2011.03.01"]
[SourceQuality "1"]

1. e4 e5 2. Nf3 Nc6 3. Nc3 Nf6 4. Bb5 Nd4 5. Ba4 c6 6. d3 b5 7. Bb3 Nxb3 8. axb3 Qc7 9. 0-0 Be7 10. h3 0-0 11. Ne2 d5 12. Ng3 a5 13. Nh2 dxe4 14. dxe4 a4 15. Qf3 Be6 16. bxa4 Rxa4 17. Rxa4 bxa4 18. Ng4 Nxg4 19. hxg4 g6 20. Nf5 Bxf5 21. gxf5 Qd6 22. Rd1 Qf6 23. fxg6 fxg6 24. Qe2 Bc5 25. Qc4+ Qe6 26. Qe2 Be7 27. Be3 1-0

[Event "Jaen op 21st"]
[Site "Jaen"]
[Date "2011.02.06"]
[Round "3"]
[White "Cuenca Jimenez, Jose Fernando"]
[Black "Castillo Gallego, Sergio"]
[Result "1-0"]
[WhiteElo "2496"]
[BlackElo "2234"]
[PlyCount "68"]
[EventDate "2011.02.06"]
[EventType "swiss (rapid)"]
[EventRounds "9"]
[EventCountry "ESP"]
[SourceTitle "CBM 140 Extra"]
[Source "ChessBase"]
[SourceDate "2011.03.01"]
[SourceVersion "1"]
[SourceVersionDate "2011.03.01"]
[SourceQuality "1"]

1. Nf3 Nf6 2. c4 g6 3. Nc3 Bg7 4. g3 d6 5. d4 0-0 6. Bg2 Nbd7 7. 0-0 e5 8. e4 a6 9. Re1 exd4 10. Nxd4 Ng4 11. h3 Qf6 12. Nf3 Nge5 13. Nd5 Nxf3+ 14. Bxf3 Qd8 15. Bg2 Ne5 16. Qc2 f5 17. f4 Nc6 18. Be3 fxe4 19. Rad1 Re8 20. c5 Be6 21. cxd6 Bxd5 22. dxc7 Qd7 23. Qc5 Qxc7 24. Qxd5+ Kh8 25. Qb3 Rad8 26. Kh2 Rxd1 27. Rxd1 Na5 28. Qd5 Nc4 29. Bd4 Nxb2 30. Rb1 Qc4 31. Bxg7+ Kxg7 32. Qd7+ Kf8 33. Rxb2 e3 34. Qd1 Ra8 1-0

[Event "Seville op 29th"]
[Site "Seville"]
[Date "2004.01.13"]
[Round "5"]
[White "Castillo Gallego, Sergio"]
[Black "Franco Ocampos, Zenon"]
[Result "0-1"]
[WhiteElo "2233"]
[BlackElo "2524"]
[PlyCount "64"]
[EventDate "2004.01.09"]
[EventType "swiss"]
[EventRounds "9"]
[EventCountry "ESP"]
[SourceTitle "CBM 098 Extra"]
[Source "ChessBase"]
[SourceDate "2004.03.10"]
[SourceVersion "2"]
[SourceVersionDate "2004.03.10"]
[SourceQuality "1"]

1. e4 g6 2. d4 Bg7 3. Nc3 d6 4. Be3 a6 5. f4 b5 6. Bd3 Bb7 7. Nf3 Nd7 8. e5 e6 9. a4 b4 10. Ne4 Ne7 11. Qe2 0-0 12. 0-0 Qb8 13. c3 a5 14. Nfg5 h6 15. Nh3 f5 16. exf6 Nxf6 17. Nxf6+ Rxf6 18. Bf2 bxc3 19. bxc3 Nd5 20. Qe1 Qe8 21. Bh4 Rf8 22. Be4 Bc6 23. Kh1 Rb8 24. Qg3 Kh7 25. c4 Nb4 26. Bxc6 Nxc6 27. Rae1 Nxd4 28. Qg4 Qxa4 29. Bg5 Qd7 30. Qh4 Nf5 31. Qf2 a4 32. g4 Qc6+ 0-1

[Event "Benidorm Bali op-A"]
[Site "Benidorm"]
[Date "2003.11.26"]
[Round "7"]
[White "Castillo Gallego, Sergio"]
[Black "Lacrosse, Marc"]
[Result "0-1"]
[WhiteElo "2204"]
[BlackElo "2255"]
[PlyCount "64"]
[EventDate "2003.11.21"]
[EventType "swiss"]
[EventRounds "9"]
[EventCountry "ESP"]
[SourceTitle "CBM 097 Extra"]
[Source "ChessBase"]
[SourceDate "2004.01.13"]
[SourceVersion "1"]
[SourceVersionDate "2004.01.13"]
[SourceQuality "1"]

1. e4 e5 2. Nf3 Nc6 3. Bb5 a6 4. Ba4 Nf6 5. d3 d6 6. c3 g6 7. Nbd2 Bg7 8. Nf1 0-0 9. Ng3 Nd7 10. Bc2 Qe7 11. 0-0 Nd8 12. Ne1 Ne6 13. Ne2 f5 14. exf5 Rxf5 15. d4 Rf8 16. dxe5 Nxe5 17. f4 Nf7 18. Ng3 Nh6 19. f5 Nxf5 20. Nxf5 gxf5 21. Bxf5 Qd7 22. Qe2 Kh8 23. Nd3 Rxf5 24. Rxf5 Nd4 25. cxd4 Qxf5 26. Be3 Qe4 27. Nf2 Qd5 28. Rf1 Bd7 29. Ng4 Re8 30. Nf6 Bxf6 31. Rxf6 Qe4 32. Qf2 Qb1+ 0-1

[Event "Benidorm Bali op-A"]
[Site "Benidorm"]
[Date "2003.11.23"]
[Round "3"]
[White "Castillo Gallego, Sergio"]
[Black "Sanz Montarelo, Teodoro"]
[Result "1-0"]
[WhiteElo "2204"]
[BlackElo "2160"]
[PlyCount "131"]
[EventDate "2003.11.21"]
[EventType "swiss"]
[EventRounds "9"]
[EventCountry "ESP"]
[SourceTitle "CBM 097 Extra"]
[Source "ChessBase"]
[SourceDate "2004.01.13"]
[SourceVersion "1"]
[SourceVersionDate "2004.01.13"]
[SourceQuality "1"]

1. e4 c5 2. Nf3 d6 3. d4 cxd4 4. Nxd4 Nf6 5. Nc3 g6 6. Be3 Bg7 7. f3 Nc6 8. Qd2 0-0 9. 0-0-0 Nxd4 10. Bxd4 Be6 11. Kb1 Qc7 12. h4 Rfc8 13. h5 Qa5 14. hxg6 hxg6 15. a3 b5 16. Nxb5 Qa4 17. Nc3 Qa5 18. Nd5 Qxd2 19. Rxd2 Bxd5 20. exd5 Nh5 21. Bb5 Rab8 22. Bc6 Nf4 23. Re1 Bxd4 24. Rxd4 e5 25. dxe6 Nxe6 26. Rxd6 Rc7 27. Bd5 Nf4 28. Bb3 Kg7 29. g3 Nh5 30. g4 Nf6 31. Red1 Rbb7 32. R1d4 Re7 33. Ka2 Rbc7 34. Rf4 Nd7 35. Rc4 Rb7 36. Rc8 Nb6 37. Rcd8 Rbc7 38. a4 Nd7 39. a5 Ne5 40. Ba4 Nxf3 41. b4 Re4 42. Bc6 Rc4 43. b5 Ne5 44. Kb3 Nxc6 45. bxc6 R4xc6 46. Rxc6 Rxc6 47. c4 a6 48. Rb8 f5 49. g5 f4 50. Rb7+ Kf8 51. Rb6 Rc5 52. Rxa6 Rxg5 53. Ka4 Rf5 54. Rxg6 f3 55. Rg1 Ke7 56. a6 Kd6 57. a7 Rf8 58. Kb5 Kc7 59. Rg7+ Kd6 60. c5+ Kd5 61. Rd7+ Ke4 62. c6 f2 63. Rd1 Ke3 64. Kb6 Ke2 65. Ra1 Kd3 66. Kb7 1-0

[Event "Benidorm Bali op-A"]
[Site "Benidorm"]
[Date "2003.11.21"]
[Round "1"]
[White "Castillo Gallego, Sergio"]
[Black "Huerga Leache, Mikel"]
[Result "1-0"]
[WhiteElo "2204"]
[BlackElo "2081"]
[PlyCount "66"]
[EventDate "2003.11.21"]
[EventType "swiss"]
[EventRounds "9"]
[EventCountry "ESP"]
[SourceTitle "CBM 097 Extra"]
[Source "ChessBase"]
[SourceDate "2004.01.13"]
[SourceVersion "1"]
[SourceVersionDate "2004.01.13"]
[SourceQuality "1"]

1. e4 d5 2. exd5 Nf6 3. Bb5+ Bd7 4. Be2 Nxd5 5. d4 Bf5 6. Nf3 e6 7. a3 Be7 8. c4 Nb6 9. Nc3 0-0 10. h3 Nc6 11. 0-0 Bf6 12. Be3 Bg6 13. b4 Qe7 14. Qb3 e5 15. dxe5 Nxe5 16. Bc5 Nxf3+ 17. Bxf3 Qe5 18. Rac1 Bd3 19. Rfe1 Bxc4 20. Qb1 Qxe1+ 21. Rxe1 Bxc3 22. Bxf8 Bxe1 23. Bc5 Re8 24. Be3 Bc3 25. Qc1 Na4 26. Bd1 Bb5 27. Bxa4 Bxa4 28. Qxc3 c6 29. Bxa7 b5 30. Qxc6 Re1+ 31. Kh2 h6 32. Be3 f6 33. h4 Rd1 1-0

[Event "Linares Anibal op 10th"]
[Site "Linares"]
[Date "2003.03.02"]
[Round "3"]
[White "Gorbatov, Alexej"]
[Black "Castillo Gallego, Sergio"]
[Result "1-0"]
[WhiteElo "2448"]
[BlackElo "2217"]
[PlyCount "119"]
[EventDate "2003.02.28"]
[EventType "swiss"]
[EventRounds "10"]
[EventCountry "ESP"]
[SourceTitle "CBM 093 Extra"]
[Source "ChessBase"]
[SourceDate "2003.05.09"]
[SourceVersion "1"]
[SourceVersionDate "2003.05.09"]
[SourceQuality "1"]

1. d4 Nf6 2. c4 g6 3. Nf3 Bg7 4. g3 0-0 5. Bg2 d6 6. 0-0 Nbd7 7. Nc3 e5 8. e4 a6 9. Qc2 b5 10. dxe5 dxe5 11. Rd1 b4 12. Nd5 Rb8 13. c5 Nxd5 14. exd5 Re8 15. Be3 Nf6 16. d6 Ng4 17. Bg5 f6 18. d7 Bxd7 19. c6 Bf5 20. Qb3+ Be6 21. Rxd8 Bxb3 22. Rxb8 Rxb8 23. axb3 e4 24. Bf4 exf3 25. Bxf3 Ne5 26. Bxe5 fxe5 27. Rd1 Re8 28. Rd7 e4 29. Bg2 Be5 30. Bxe4 Bd6 31. f3 Re5 32. Kg2 a5 33. h4 Re7 34. Rd8+ Kg7 35. g4 h6 36. Kh3 Re5 37. Kg2 Re7 38. Kf2 Rf7 39. Ra8 Re7 40. Rxa5 Re5 41. Ra8 Re7 42. Rb8 Re5 43. Ke2 Re7 44. Kd3 Rf7 45. Rb5 Re7 46. h5 g5 47. Rb8 Re5 48. Rd8 Re7 49. Bd5 Re5 50. Kc4 Re7 51. Rg8+ Kh7 52. Rg6 Rg7 53. Rxd6 cxd6 54. Be6 Ra7 55. Kd5 Kg7 56. Kxd6 Kf6 57. Bf5 Ra1 58. c7 Rd1+ 59. Kc6 Rc1+ 60. Kb6 1-0

[Event "ESP-chT"]
[Site "Mondariz"]
[Date "2002.12.08"]
[Round "9"]
[White "Castillo Gallego, Sergio"]
[Black "Pomes Marcet, Juan"]
[Result "0-1"]
[WhiteElo "2208"]
[BlackElo "2380"]
[PlyCount "80"]
[EventDate "2002.11.30"]
[EventType "team"]
[EventRounds "9"]
[EventCountry "ESP"]
[SourceTitle "CBM 091 Extra"]
[Source "ChessBase"]
[SourceDate "2003.01.09"]
[SourceVersion "1"]
[SourceVersionDate "2003.01.09"]
[SourceQuality "1"]

1. e4 e6 2. d4 d5 3. Nc3 Bb4 4. e5 Qd7 5. Bd2 b6 6. Bb5 c6 7. Ba4 a5 8. a3 Bxc3 9. Bxc3 Ba6 10. Bd2 Bb5 11. Bxb5 cxb5 12. Qg4 f5 13. Qh5+ Qf7 14. Qe2 Qd7 15. Qh5+ Qf7 16. Qe2 Qd7 17. h4 Ne7 18. Nh3 Na6 19. Nf4 Nc7 20. Rh3 0-0-0 21. a4 bxa4 22. Rha3 Nc6 23. c3 Kb7 24. Rxa4 Rb8 25. Nd3 Qe7 26. b4 Qxh4 27. Be3 Ra8 28. Nc5+ bxc5 29. b5 c4 30. bxc6+ Kxc6 31. Qa2 Rhb8 32. Qa3 Rb5 33. Qd6+ Kb7 34. Bc1 Qh1+ 35. Ke2 Qxg2 36. Ba3 Ra6 37. Qe7 Rb3 38. Ra2 Qe4+ 39. Kd1 Qd3+ 40. Rd2 Qf1+ 0-1

[Event "ESP-ch op"]
[Site "Ayamonte"]
[Date "2002.10.10"]
[Round "7"]
[White "Mascaro March, Pedro"]
[Black "Castillo Gallego, Sergio"]
[Result "1-0"]
[WhiteElo "2320"]
[BlackElo "2208"]
[PlyCount "83"]
[EventDate "2002.10.04"]
[EventType "swiss"]
[EventRounds "9"]
[EventCountry "ESP"]
[SourceTitle "EXT 2005"]
[Source "ChessBase"]
[SourceDate "2004.11.15"]
[SourceVersion "1"]
[SourceVersionDate "2004.11.15"]
[SourceQuality "1"]

1. d4 Nf6 2. c4 g6 3. Nc3 Bg7 4. e4 d6 5. Be2 0-0 6. Nf3 Na6 7. 0-0 e5 8. Be3 Ng4 9. Bg5 Qe8 10. h3 h6 11. Bc1 exd4 12. Nxd4 Nf6 13. Bf3 Nh7 14. h4 c6 15. Re1 Qe5 16. Nde2 Qf6 17. Ng3 Qxh4 18. Qxd6 Ng5 19. Be2 Ne6 20. Nf1 Nd4 21. g3 Nxe2+ 22. Rxe2 Qh5 23. Re1 Bg4 24. Be3 Rfe8 25. Nh2 Be5 26. Nxg4 Qxg4 27. Qd1 Qh3 28. Ne2 g5 29. Qb3 b6 30. Rad1 Nc7 31. Qa4 Ne6 32. Qxc6 Rad8 33. Rd5 Nf4 34. gxf4 gxf4 35. Bxf4 Bxf4 36. Nxf4 Qg4+ 37. Ng2 Kh7 38. Qc7 Rg8 39. Qxf7+ Kh8 40. Qf6+ Kh7 41. Qf5+ Kh8 42. Qxg4 1-0

[Event "ESP-ch op"]
[Site "Ayamonte"]
[Date "2002.10.09"]
[Round "6"]
[White "Castillo Gallego, Sergio"]
[Black "Llaneza Vega, Patricia"]
[Result "1/2-1/2"]
[WhiteElo "2208"]
[BlackElo "2312"]
[PlyCount "115"]
[EventDate "2002.10.04"]
[EventType "swiss"]
[EventRounds "9"]
[EventCountry "ESP"]
[SourceTitle "EXT 2005"]
[Source "ChessBase"]
[SourceDate "2004.11.15"]
[SourceVersion "1"]
[SourceVersionDate "2004.11.15"]
[SourceQuality "1"]

1. e4 c5 2. Nf3 Nc6 3. d4 cxd4 4. Nxd4 Nf6 5. Nc3 e5 6. Ndb5 d6 7. Bg5 a6 8. Na3 b5 9. Bxf6 gxf6 10. Nd5 Bg7 11. g3 0-0 12. Bg2 f5 13. exf5 Bxf5 14. c3 Rc8 15. Nc2 Ne7 16. Nxe7+ Qxe7 17. Nb4 a5 18. Nd5 Qa7 19. 0-0 Be6 20. Qe2 b4 21. c4 Kh8 22. Rad1 Qc5 23. b3 a4 24. Qh5 f5 25. Ne7 e4 26. Ng6+ Kg8 27. Ne7+ Kh8 28. Ng6+ Kg8 29. Nxf8 Rxf8 30. Qg5 d5 31. cxd5 Bxd5 32. Rc1 Qb6 33. Rfd1 Bf7 34. Bf1 axb3 35. axb3 Bxb3 36. Rd7 Bf7 37. Rcc7 h6 38. Qxf5 e3 39. Rxf7 Qxc7 40. Rxc7 Rxf5 41. Bc4+ Kf8 42. fxe3 Bc3 43. Kg2 Rf6 44. Bb3 Bd2 45. e4 Bc3 46. Rb7 Ke8 47. Bd5 Kf8 48. Bb3 Ke8 49. Bd1 Kf8 50. Bg4 Rd6 51. Kf3 Rd2 52. h3 Rd3+ 53. Kf4 b3 54. Kf5 b2 55. Rb8+ Kg7 56. Rb7+ Kf8 57. Rb8+ Kg7 58. Rb7+ 1/2-1/2

[Event "Mancha Real schev"]
[Site "Mancha Real"]
[Date "2002.08.08"]
[Round "7"]
[White "Castillo Gallego, Sergio"]
[Black "Herrera, Irisberto"]
[Result "1/2-1/2"]
[WhiteElo "2191"]
[BlackElo "2478"]
[PlyCount "145"]
[EventDate "2002.08.02"]
[EventType "schev"]
[EventRounds "9"]
[EventCountry "ESP"]
[SourceTitle "CBM 089 Extra"]
[Source "ChessBase"]
[SourceDate "2002.09.10"]
[SourceVersion "2"]
[SourceVersionDate "2002.09.10"]
[SourceQuality "1"]

1. e4 c5 2. Nf3 d6 3. d4 cxd4 4. Nxd4 Nf6 5. Nc3 a6 6. Be3 Ng4 7. Bc1 Nf6 8. Be3 e6 9. g4 h6 10. f4 Nc6 11. h3 Qc7 12. Qd2 b5 13. Nxc6 Qxc6 14. Bg2 Bb7 15. a3 Nd7 16. Qf2 Rc8 17. 0-0 Be7 18. Rad1 a5 19. Rd2 b4 20. axb4 axb4 21. Ne2 Nc5 22. f5 Nxe4 23. fxe6 Nxf2 24. Bxc6+ Bxc6 25. exf7+ Kxf7 26. Nd4 Bd7 27. Rfxf2+ Kg6 28. Nf5 Bxf5 29. Rxf5 Rc4 30. Rf4 Rhc8 31. Rxc4 Rxc4 32. Kf2 Bf6 33. Kf3 d5 34. b3 Rc3 35. Rxd5 Rxc2 36. Ke4 Rc3 37. Rd3 Rc2 38. Bd4 Bxd4 39. Rxd4 Rh2 40. Rxb4 Rxh3 41. Kf4 Rc3 42. Rb6+ Kh7 43. Rb7 Rc6 44. b4 Kg6 45. b5 Rc4+ 46. Kf3 Kf6 47. b6 Rb4 48. Kg3 g6 49. Rb8 Kg5 50. Rc8 Rb3+ 51. Kg2 Rxb6 52. Rc4 Rb3 53. Rc6 Rb4 54. Kh3 Rd4 55. Ra6 Rd3+ 56. Kg2 Rd4 57. Kh3 Re4 58. Rb6 Re1 59. Kg2 Re4 60. Kh3 Ra4 61. Rc6 Ra3+ 62. Kg2 h5 63. gxh5 Kxh5 64. Rc1 g5 65. Kg1 Kg4 66. Rb1 Ra2 67. Rc1 Kh3 68. Rb1 g4 69. Rc1 Rg2+ 70. Kh1 Ra2 71. Kg1 g3 72. Rb1 Rc2 73. Ra1 1/2-1/2

[Event "Mancha Real schev"]
[Site "Mancha Real"]
[Date "2002.08.02"]
[Round "1"]
[White "Castillo Gallego, Sergio"]
[Black "Garcia Martinez, Silvino"]
[Result "0-1"]
[WhiteElo "2191"]
[BlackElo "2396"]
[PlyCount "60"]
[EventDate "2002.08.02"]
[EventType "schev"]
[EventRounds "9"]
[EventCountry "ESP"]
[SourceTitle "CBM 089 Extra"]
[Source "ChessBase"]
[SourceDate "2002.09.10"]
[SourceVersion "2"]
[SourceVersionDate "2002.09.10"]
[SourceQuality "1"]

1. e4 c5 2. Nf3 d6 3. d4 cxd4 4. Nxd4 Nf6 5. Nc3 a6 6. f3 Nc6 7. Be3 d5 8. exd5 Nb4 9. Qd2 Nfxd5 10. Nxd5 Nxd5 11. 0-0-0 Nxe3 12. Qxe3 Qb6 13. Bc4 e6 14. Qg5 h6 15. Qg3 Qc5 16. Bxe6 Bxe6 17. Nxe6 fxe6 18. Qg6+ Ke7 19. Qe4 Qc6 20. Qb4+ Kf7 21. Qf4+ Kg8 22. Rd3 Be7 23. h4 Bf6 24. Rhd1 Rc8 25. c3 Kh7 26. Rd6 Qc4 27. Qd2 Rhd8 28. Qc2+ Kg8 29. Rd7 Rxd7 30. Rxd7 Bxh4 0-1

[Event "Ferrol op 18th"]
[Site "Ferrol"]
[Date "2002.07.23"]
[Round "7"]
[White "Castillo Gallego, Sergio"]
[Black "Larino Nieto, David"]
[Result "1-0"]
[WhiteElo "2191"]
[BlackElo "2096"]
[PlyCount "83"]
[EventDate "2002.07.17"]
[EventType "swiss"]
[EventRounds "9"]
[EventCountry "ESP"]
[SourceTitle "CBM 089 Extra"]
[Source "ChessBase"]
[SourceDate "2002.09.10"]
[SourceVersion "2"]
[SourceVersionDate "2002.09.10"]
[SourceQuality "1"]

1. d4 e6 2. c4 d5 3. Nf3 c5 4. cxd5 exd5 5. Nc3 Nc6 6. g3 Nf6 7. Bg2 Be7 8. 0-0 0-0 9. Bg5 cxd4 10. Nxd4 h6 11. Be3 Bg4 12. h3 Be6 13. Rc1 Qd7 14. Kh2 Ne5 15. b3 a6 16. Na4 Qd8 17. Nxe6 fxe6 18. Bb6 Qe8 19. Bc7 Ned7 20. e4 Nxe4 21. Bxe4 dxe4 22. Qg4 Ba3 23. Rcd1 Nf6 24. Qe2 Qc6 25. Be5 b5 26. Nc3 Nd7 27. Bf4 e5 28. Bxh6 Nc5 29. Bg5 Ne6 30. Bc1 b4 31. Nd5 Qe8 32. Qxe4 Bxc1 33. Rxc1 Ng5 34. Qc4 Nf3+ 35. Kg2 Kh8 36. Qg4 Qf7 37. Rc7 Ne1+ 38. Kg1 Nf3+ 39. Kh1 Qg8 40. Ne7 Qh7 41. Ng6+ Kg8 42. Qc4+ 1-0